[Event "Campeonato de España Universitario 2008"]
[Site "Madrid ESP"]
[Date "2008.05.09"]
[Round "5.46"]
[White "Gil Rodriguez, Isabel"]
[Black "Acuña Celada, Ivan"]
[Result "1-0"]
[WhiteElo "1916"]
[BlackElo "2114"]
[PlyCount "125"]
[EventDate "2008.05.08"]
[EventType "swiss"]
[EventRounds "9"]
[EventCountry "ESP"]
[Source "lmi"]
[SourceDate "2008.05.08"]

1. c4 Nf6 2. g3 g6 3. Bg2 Bg7 4. Nc3 O-O 5. Nf3 d6 6. O-O e5 7. d3 c6 8. Rb1 a5
9. a3 h6 10. b4 axb4 11. axb4 Be6 12. b5 Nbd7 13. Bd2 d5 14. bxc6 bxc6 15. cxd5
cxd5 16. Nb5 Rb8 17. Qa4 Qb6 18. Qa5 Qxa5 19. Bxa5 Rfc8 20. Nc7 Bf5 21. Nd2 e4
22. Nxd5 Nxd5 23. dxe4 Bxe4 24. Nxe4 Rxb1 25. Rxb1 Rc2 26. Nd6 Nc3 27. Bxc3
Rxc3 28. Bd5 Ne5 29. Rb7 Rc1+ 30. Kg2 Rd1 31. e4 Kf8 32. Rb8+ Ke7 33. Nc8+ Kd7
34. Nb6+ Kd6 35. Rb7 Bf8 36. Nc4+ Nxc4 37. Bxc4 f5 38. exf5 gxf5 39. Rf7 Be7
40. Rxf5 Rd4 41. Be2 Rd5 42. Rf7 Rd2 43. Kf3 Rb2 44. h4 Rb6 45. Kg4 Kd7 46. f4
Ke8 47. Rf5 Rf6 48. Rxf6 Bxf6 49. Kh5 Bd4 50. Kxh6 Bf2 51. g4 Bxh4 52. g5 Bg3
53. f5 Be5 54. Bc4 Kf8 55. f6 Bc3 56. Kg6 Bb2 57. Kf5 Bc1 58. g6 Bh6 59. Kg4
Bg7 60. fxg7+ Kxg7 61. Kg5 Kh8 62. Kf5 Kg7 63. Bd3 1-0

[Event "Campeonato de España Universitario 2008"]
[Site "Madrid ESP"]
[Date "2008.05.09"]
[Round "5.47"]
[White "Valles Mata, David"]
[Black "Sanchez Jimenez, David"]
[Result "1/2-1/2"]
[WhiteElo "2113"]
[BlackElo "1916"]
[PlyCount "120"]
[EventDate "2008.05.08"]
[EventType "swiss"]
[EventRounds "9"]
[EventCountry "ESP"]
[Source "lmi"]
[SourceDate "2008.05.08"]

1. e4 e5 2. Bc4 Nc6 3. Nc3 Nf6 4. d3 Bc5 5. f4 d6 6. Nf3 Bg4 7. Na4 Bb6 8. Nxb6
axb6 9. c3 exf4 10. Bxf4 Ne5 11. Bxe5 dxe5 12. Bxf7+ Ke7 13. Bb3 Rf8 14. O-O
Qd6 15. h3 Bh5 16. Qe2 Rae8 17. Qe3 Kd8 18. a4 h6 19. a5 b5 20. c4 Qb4 21. Nd2
g5 22. cxb5 g4 23. a6 gxh3 24. Rxf6 Rxf6 25. a7 Ke7 26. a8=Q Rxa8 27. Rxa8 hxg2
28. Rg8 Qxb5 29. Kxg2 Bf7 30. Rg7 Rg6+ 31. Rxg6 Bxg6 32. Qg3 Be8 33. Qg7+ Kd8
34. Qf6+ Kc8 35. Be6+ Kb8 36. Nc4 Qa4 37. Qd8+ Ka7 38. Ne3 c5 39. Qc8 Qd4 40.
Nc4 Bc6 41. Qf8 Qxd3 42. Qxc5+ Kb8 43. Qd6+ Qxd6 44. Nxd6 Kc7 45. Nf7 Bxe4+ 46.
Kg3 h5 47. Bb3 Kc6 48. Nxe5+ Kc5 49. Kf4 Kd4 50. Nf3+ Kd3 51. Ne1+ Kd4 52. Nc2+
Kd3 53. Ne3 Bc6 54. Nc4 Bg2 55. Ne3 Bc6 56. Bd1 h4 57. Bg4 Kd2 58. Be6 Kc1 59.
b4 Kb2 60. Bc4 Kc3 1/2-1/2

[Event "Campeonato de España Universitario 2008"]
[Site "Madrid ESP"]
[Date "2008.05.09"]
[Round "5.48"]
[White "Ruiz Garcia, Mario"]
[Black "Litran Sirvent, Oscar"]
[Result "1-0"]
[WhiteElo "2107"]
[BlackElo "1910"]
[PlyCount "79"]
[EventDate "2008.05.08"]
[EventType "swiss"]
[EventRounds "9"]
[EventCountry "ESP"]
[Source "lmi"]
[SourceDate "2008.05.08"]

1. d4 d5 2. c4 c6 3. Nf3 Nf6 4. Nc3 g6 5. cxd5 cxd5 6. Bf4 Nc6 7. e3 Bg7 8. Nb5
O-O 9. Be2 Bg4 10. O-O a6 11. Nc3 Nh5 12. Bg3 Nxg3 13. hxg3 Rc8 14. Rc1 e6 15.
Na4 Re8 16. Nc5 Qb6 17. b3 Bf8 18. Nd7 Qd8 19. Nxf8 Rxf8 20. Qd2 Qe7 21. Rc5
Na7 22. Rfc1 Rxc5 23. Rxc5 Rc8 24. Qc3 Rxc5 25. dxc5 Nc6 26. b4 e5 27. a4 d4
28. Qd2 dxe3 29. fxe3 Bd7 30. b5 axb5 31. axb5 Nd8 32. Qd5 Qe6 33. Qxe5 Qxe5
34. Nxe5 Bc8 35. Bf3 f6 36. Nc4 Ne6 37. Nd6 Bd7 38. Nxb7 Bxb5 39. Bd5 Bd7 40.
Nd8 1-0

[Event "Campeonato de España Universitario 2008"]
[Site "Madrid ESP"]
[Date "2008.05.09"]
[Round "5.58"]
[White "Marco Francisco, Miriam"]
[Black "Casanellas Ruano, Lluis"]
[Result "0-1"]
[WhiteElo "1920"]
[BlackElo "2146"]
[PlyCount "102"]
[EventDate "2008.05.08"]
[EventType "swiss"]
[EventRounds "9"]
[EventCountry "ESP"]
[Source "lmi"]
[SourceDate "2008.05.08"]

1. e4 c5 2. f4 Nc6 3. Nf3 d5 4. exd5 Qxd5 5. Nc3 Qd8 6. Be2 Nf6 7. d3 e6 8. O-O
b6 9. Kh1 Be7 10. Ne5 Bb7 11. Bf3 Qc8 12. Be3 O-O 13. Qe1 Nb4 14. Rc1 Nfd5 15.
a3 Nxe3 16. Qxe3 Nd5 17. Nxd5 exd5 18. d4 Re8 19. dxc5 bxc5 20. c3 Bd6 21. Qd3
Bxe5 22. fxe5 Rxe5 23. Rfe1 Qe6 24. Rxe5 Qxe5 25. c4 dxc4 26. Qxc4 Bxf3 27.
gxf3 Qxb2 28. Qxc5 g6 29. Qc6 Rd8 30. Qc7 Re8 31. Qc6 Re2 32. Qc8+ Kg7 33. Qc3+
Qxc3 34. Rxc3 Ra2 35. Kg1 a5 36. h3 f5 37. f4 Kh6 38. Kf1 Kg7 39. Ke1 Kf6 40.
Kd1 Rf2 41. Rc6+ Kg7 42. Rc5 Rxf4 43. Rxa5 Rh4 44. Ra7+ Kf6 45. a4 Rxh3 46. a5
Kg5 47. Kc2 h5 48. Kb2 Re3 49. a6 Re6 50. Ra8 h4 51. Kb3 h3 0-1

[Event "Campeonato de España Universitario 2008"]
[Site "Madrid ESP"]
[Date "2008.05.09"]
[Round "5.59"]
[White "Pitarch Miguel, Pablo"]
[Black "Schneider Sanchez, Carlos D"]
[Result "0-1"]
[WhiteElo "1944"]
[BlackElo "2105"]
[PlyCount "98"]
[EventDate "2008.05.08"]
[EventType "swiss"]
[EventRounds "9"]
[EventCountry "ESP"]
[Source "lmi"]
[SourceDate "2008.05.08"]

1. e4 c5 2. Nf3 Nc6 3. d4 cxd4 4. Nxd4 e6 5. c4 Qc7 6. Nc3 a6 7. Be3 Nf6 8. Be2
Bb4 9. f3 d5 10. exd5 exd5 11. O-O Qe5 12. Qd2 O-O 13. f4 Qe7 14. Bf3 Ne4 15.
Bxe4 dxe4 16. Qc2 Bxc3 17. Qxc3 Nb4 18. Nc2 Nd3 19. Ne1 Rd8 20. Rd1 Bg4 21. Rd2
Nc5 22. h3 Rxd2 23. Qxd2 Be6 24. b3 f5 25. Bxc5 Qxc5+ 26. Kh2 Qc7 27. Nc2 Rd8
28. Qe2 Qd6 29. Ne3 g6 30. Kg1 Qd3 31. Qxd3 Rxd3 32. Nc2 a5 33. Rf2 a4 34. Ne1
Rd1 35. Rf1 axb3 36. axb3 Rb1 37. Nc2 Rxb3 38. Nd4 Rb6 39. Nxe6 Rxe6 40. Rb1 b6
41. Kf2 Kf7 42. Rd1 Ke7 43. Ra1 Kd6 44. Ke3 Kc5 45. Rc1 Rd6 46. Ke2 Rd4 47. g4
Rxc4 48. Rb1 Rc2+ 49. Kf1 b5 0-1

[Event "Campeonato de España Universitario 2008"]
[Site "Madrid ESP"]
[Date "2008.05.09"]
[Round "5.60"]
[White "Baiges Navarro, Albert"]
[Black "Gomez Peco, David"]
[Result "0-1"]
[WhiteElo "2044"]
[BlackElo "1980"]
[PlyCount "86"]
[EventDate "2008.05.08"]
[EventType "swiss"]
[EventRounds "9"]
[EventCountry "ESP"]
[Source "lmi"]
[SourceDate "2008.05.08"]

1. e4 c5 2. Nf3 e6 3. d3 Nc6 4. g3 g6 5. Bg2 Bg7 6. O-O Nge7 7. c3 O-O 8. Be3
d6 9. Qc1 Re8 10. Nbd2 Rb8 11. d4 cxd4 12. Nxd4 Ne5 13. h3 b5 14. f4 Nd3 15.
Qc2 Nc5 16. a3 Bd7 17. N4b3 Nxb3 18. Nxb3 Qc7 19. Qf2 Nc6 20. Rad1 Red8 21. g4
f5 22. exf5 exf5 23. Bd5+ Kh8 24. Nd4 fxg4 25. Bxc6 Bxc6 26. Ne6 Qd7 27. Nxd8
Rxd8 28. h4 Qf5 29. Bd4 Bf3 30. Bxg7+ Kxg7 31. Rd4 d5 32. Rc1 Rd7 33. Rb4 Rf7
34. Rxb5 Qxf4 35. Qd4+ Qxd4+ 36. cxd4 Kh6 37. Kh2 Rf4 38. Rb4 Be4 39. Kg3 g5
40. hxg5+ Kxg5 41. Re1 h5 42. Kh2 Kh4 43. Rb3 Bf3 0-1

[Event "Campeonato de España Universitario 2008"]
[Site "Madrid ESP"]
[Date "2008.05.09"]
[Round "5.61"]
[White "Moya Hernandez, Alvaro"]
[Black "Garcia Bernardez, Jaime"]
[Result "0-1"]
[WhiteElo "1809"]
[BlackElo "2038"]
[PlyCount "72"]
[EventDate "2008.05.08"]
[EventType "swiss"]
[EventRounds "9"]
[EventCountry "ESP"]
[Source "lmi"]
[SourceDate "2008.05.08"]

1. d4 d6 2. c4 e5 3. dxe5 dxe5 4. Qxd8+ Kxd8 5. Nc3 Be6 6. b3 c6 7. Nf3 f6 8.
e3 Kc7 9. Be2 Nd7 10. O-O g5 11. e4 h5 12. Be3 Ne7 13. Ne1 Ng6 14. Nd3 Nf4 15.
Rac1 h4 16. f3 Ba3 17. Rc2 Nxd3 18. Bxd3 Bc5 19. Bxc5 Nxc5 20. Be2 Bf7 21. Rd2
a5 22. Rfd1 Rhd8 23. Rxd8 Rxd8 24. Rxd8 Kxd8 25. Kf2 Ne6 26. Bd1 Kc7 27. Ke3
Kd6 28. Ne2 Kc5 29. Kd3 Bh5 30. h3 Kb4 31. a4 Nc5+ 32. Kc2 Nxb3 33. Kb2 Nc5 34.
Nc1 Kxc4 35. Ne2 Nd3+ 36. Ka3 Ne1 0-1

[Event "Campeonato de España Universitario 2008"]
[Site "Madrid ESP"]
[Date "2008.05.09"]
[Round "5.62"]
[White "Martinez Sanchez, Carmen"]
[Black "Romero Lopez, Marta"]
[Result "0-1"]
[WhiteElo "1907"]
[BlackElo "2018"]
[PlyCount "90"]
[EventDate "2008.05.08"]
[EventType "swiss"]
[EventRounds "9"]
[EventCountry "ESP"]
[Source "lmi"]
[SourceDate "2008.05.08"]

1. e4 e6 2. d4 d5 3. exd5 exd5 4. Nf3 Bg4 5. Bd3 Bd6 6. O-O Nc6 7. c3 Nge7 8.
Nbd2 Qd7 9. Re1 O-O-O 10. Qa4 Bf5 11. Bb5 a6 12. Be2 Na7 13. Qb3 Ng6 14. c4 Nf4
15. Ne5 Bxe5 16. dxe5 Nxe2+ 17. Rxe2 d4 18. Qg3 Nc6 19. a3 d3 20. Re3 Nd4 21.
Kf1 Nc2 22. Rb1 Nxe3+ 23. Qxe3 Qd4 24. Qg3 Rhe8 25. f4 Re6 26. b4 Rg6 27. Qf3
Bg4 28. Qf2 Qxf2+ 29. Kxf2 Be6 30. g3 f6 31. Bb2 fxe5 32. Bxe5 Bf5 33. Rh1 Rc6
34. Ke3 Be6 35. Rc1 Rd7 36. Rc3 Bf5 37. Rc1 Kd8 38. Rg1 h5 39. Rc1 Re6 40. Kf2
Rf7 41. Ke3 g5 42. Ne4 gxf4+ 43. Kxf4 Bxe4+ 44. Kxe4 d2 45. Rd1 Rfe7 0-1

[Event "Campeonato de España Universitario 2008"]
[Site "Madrid ESP"]
[Date "2008.05.09"]
[Round "5.63"]
[White "Alcaraz Pacheco, Ivan"]
[Black "Cruz Marquez, Francisco Cesar"]
[Result "1/2-1/2"]
[WhiteElo "2011"]
[BlackElo "1958"]
[PlyCount "73"]
[EventDate "2008.05.08"]
[EventType "swiss"]
[EventRounds "9"]
[EventCountry "ESP"]
[Source "lmi"]
[SourceDate "2008.05.08"]

1. e4 e5 2. Nc3 Nf6 3. f4 d5 4. fxe5 Nxe4 5. Qf3 Nxc3 6. bxc3 c5 7. d4 cxd4 8.
cxd4 Qh4+ 9. Qf2 Bb4+ 10. Ke2 Qxf2+ 11. Kxf2 Bc3 12. Rb1 Bxd4+ 13. Be3 Bxe5 14.
Nf3 Bd6 15. Rb5 O-O 16. Rxd5 Bb4 17. Bd3 Nc6 18. Rb1 Be6 19. Rb5 a5 20. a4 Ne7
21. Rxb7 Nd5 22. Bd4 Rfd8 23. Ng5 Nf4 24. Nxe6 Nxe6 25. Be3 Rac8 26. Rf1 Nc5
27. Bxc5 Bxc5+ 28. Ke2 f6 29. Rf3 Rd4 30. Rh3 h6 31. Rg3 g5 32. Rf3 Re8+ 33.
Kd2 Rxa4 34. Bb5 Rd4+ 35. Bd3 Ra4 36. Bb5 Rd8+ 37. Bd3 1/2-1/2

[Event "Campeonato de España Universitario 2008"]
[Site "Madrid ESP"]
[Date "2008.05.09"]
[Round "5.64"]
[White "Gonzalez Berruga, Ana Isabel"]
[Black "Cabo Alvarez, Christian"]
[Result "1-0"]
[WhiteElo "1986"]
[BlackElo "1946"]
[PlyCount "49"]
[EventDate "2008.05.08"]
[EventType "swiss"]
[EventRounds "9"]
[EventCountry "ESP"]
[Source "lmi"]
[SourceDate "2008.05.08"]

1. d4 Nf6 2. c4 c5 3. d5 b5 4. cxb5 a6 5. b6 d6 6. Nc3 g6 7. e4 Bg7 8. a4 Qxb6
9. a5 Qc7 10. f4 O-O 11. Nf3 e6 12. e5 Nxd5 13. Nxd5 exd5 14. Qxd5 Bb7 15. exd6
Bxd5 16. dxc7 Nc6 17. Be2 Rfc8 18. O-O Rxc7 19. Be3 Nb4 20. Rac1 Bxb2 21. Rxc5
Rxc5 22. Bxc5 Nc6 23. Bb6 Bc3 24. Rd1 Be6 25. Rc1 1-0

[Event "Campeonato de España Universitario 2008"]
[Site "Madrid ESP"]
[Date "2008.05.09"]
[Round "5.65"]
[White "Lanza Peña, Alberto"]
[Black "Zamarreño Cuerda, Eva"]
[Result "1-0"]
[WhiteElo "2101"]
[BlackElo "1839"]
[PlyCount "70"]
[EventDate "2008.05.08"]
[EventType "swiss"]
[EventRounds "9"]
[EventCountry "ESP"]
[Source "lmi"]
[SourceDate "2008.05.08"]

1. d4 d5 2. c4 e6 3. Nc3 Be7 4. Nf3 Nf6 5. Bf4 O-O 6. e3 b6 7. cxd5 Nxd5 8.
Nxd5 exd5 9. Bd3 h6 10. O-O Bb7 11. Rc1 c5 12. Bb1 Nd7 13. Qd3 Nf6 14. Nd2 Bd6
15. Be5 g6 16. f4 Ne4 17. f5 Bxe5 18. dxe5 Qe7 19. fxg6 fxg6 20. Nxe4 dxe4 21.
Qc4+ Kg7 22. Bxe4 Bxe4 23. Qxe4 Rae8 24. Rxf8 Rxf8 25. Rd1 Qf7 26. h3 Re8 27.
Rd6 Re7 28. Qf4 Qe8 29. Qf6+ Kh7 30. h4 Rd7 31. Re6 Qf7 32. g4 Rd1+ 33. Kf2 Rd7
34. Ke1 Qxf6 35. exf6 Kg8 1-0

[Event "Campeonato de España Universitario 2008"]
[Site "Madrid ESP"]
[Date "2008.05.09"]
[Round "5.66"]
[White "Fernandez Herrero, Mario"]
[Black "Alcazar Jimenez, Jesus Alberto"]
[Result "0-1"]
[WhiteElo "1867"]
[BlackElo "2247"]
[PlyCount "48"]
[EventDate "2008.05.08"]
[EventType "swiss"]
[EventRounds "9"]
[EventCountry "ESP"]
[Source "lmi"]
[SourceDate "2008.05.08"]

1. e4 c5 2. Nf3 d6 3. d4 cxd4 4. Nxd4 Nf6 5. Nc3 a6 6. Be2 e5 7. Nb3 Be7 8. Be3
Be6 9. O-O O-O 10. f4 exf4 11. Bxf4 Nc6 12. Kh1 Re8 13. Qe1 Ne5 14. Rd1 Qc7 15.
Qg3 Rad8 16. Bg5 Ng6 17. h4 h5 18. Bxf6 Bxf6 19. Rxf6 gxf6 20. Bxh5 Kg7 21. Nd4
Qc5 22. Be2 Qe5 23. Qf2 Nxh4 24. Kg1 Rh8 0-1

[Event "Campeonato de España Universitario 2008"]
[Site "Madrid ESP"]
[Date "2008.05.09"]
[Round "5.67"]
[White "Pascual Palomo, Lucia"]
[Black "Urbano Romero, Jonas"]
[Result "1-0"]
[WhiteElo "2106"]
[BlackElo "1822"]
[PlyCount "57"]
[EventDate "2008.05.08"]
[EventType "swiss"]
[EventRounds "9"]
[EventCountry "ESP"]
[Source "lmi"]
[SourceDate "2008.05.08"]

1. e4 c5 2. Nf3 Nc6 3. Bb5 a6 4. Bxc6 bxc6 5. e5 d5 6. O-O Bg4 7. d3 e6 8. b3
Ne7 9. h3 Bh5 10. Nc3 Qc7 11. Re1 a5 12. Na4 Qa7 13. Ba3 Nc8 14. c4 d4 15. Qe2
Nb6 16. Qe4 Rc8 17. Bxc5 Bxc5 18. Nxc5 Bxf3 19. Qxf3 Nxc4 20. Ne4 Nxe5 21. Qg3
f6 22. Nd6+ Kd8 23. Nxc8 Kxc8 24. f4 Ng6 25. Rxe6 Qd7 26. Rae1 Kb7 27. h4 Kb6
28. h5 Nf8 29. Re7 1-0

[Event "Campeonato de España Universitario 2008"]
[Site "Madrid ESP"]
[Date "2008.05.09"]
[Round "5.68"]
[White "Campomanes Rodriguez, Javier"]
[Black "Lopez Reboso, Hector"]
[Result "1/2-1/2"]
[WhiteElo "1710"]
[BlackElo "2048"]
[PlyCount "65"]
[EventDate "2008.05.08"]
[EventType "swiss"]
[EventRounds "9"]
[EventCountry "ESP"]
[Source "lmi"]
[SourceDate "2008.05.08"]

1. d4 e6 2. c4 d5 3. Nf3 c6 4. Nc3 f5 5. Bf4 Bd6 6. Qd2 Nf6 7. Bxd6 Qxd6 8. Ne5
O-O 9. g3 Nbd7 10. f4 Ne4 11. Nxe4 fxe4 12. e3 Nxe5 13. fxe5 Qe7 14. Be2 Bd7
15. O-O-O Rf2 16. Rdf1 Raf8 17. Qe1 Qg5 18. Kd2 Rxf1 19. Rxf1 Qd8 20. Rxf8+
Qxf8 21. Kc2 Be8 22. c5 h6 23. Qf1 Qe7 24. b4 b6 25. a4 Qg5 26. Qf4 Qe7 27. Qf1
Qg5 28. Qf2 Bh5 29. cxb6 axb6 30. a5 Bxe2 31. Qxe2 Qe7 32. Qd2 bxa5 33. bxa5
1/2-1/2

[Event "Campeonato de España Universitario 2008"]
[Site "Madrid ESP"]
[Date "2008.05.09"]
[Round "6.2"]
[White "Almagro Llamas, Pablo"]
[Black "Ibarra Jerez, Jose Carlos"]
[Result "1/2-1/2"]
[WhiteElo "2472"]
[BlackElo "2496"]
[PlyCount "88"]
[EventDate "2008.05.08"]
[EventType "swiss"]
[EventRounds "9"]
[EventCountry "ESP"]
[Source "lmi"]
[SourceDate "2008.05.08"]

1. e4 c5 2. Nf3 e6 3. d4 cxd4 4. Nxd4 a6 5. Nc3 Qc7 6. g3 Bb4 7. Bd2 Nf6 8. Bg2
Nc6 9. Nxc6 bxc6 10. O-O Be7 11. Na4 d5 12. exd5 cxd5 13. c4 Bb7 14. Rc1 Qd8
15. c5 Bc6 16. Nb6 Ra7 17. Nc4 Bb5 18. Ne5 Nd7 19. Nxd7 Qxd7 20. Re1 O-O 21.
Be3 Rb7 22. Bd4 Re8 23. f4 Bf8 24. Rc3 Bc6 25. Rce3 Rbb8 26. Qd2 Bb5 27. g4
Rbc8 28. b4 Rcd8 29. g5 Bc4 30. Rh3 e5 31. Rxe5 Rxe5 32. Bxe5 Qf5 33. Re3 f6
34. gxf6 gxf6 35. Bh3 Qb1+ 36. Re1 Qg6+ 37. Kh1 Kh8 38. Bd4 Bd3 39. Qf2 Be4+
40. Bg2 Qf5 41. a4 Re8 42. Bxe4 Rxe4 43. Rxe4 Qxe4+ 44. Kg1 Qg6+ 1/2-1/2

[Event "Campeonato de España Universitario 2008"]
[Site "Madrid ESP"]
[Date "2008.05.09"]
[Round "6.3"]
[White "Martinez Martin, David"]
[Black "Perez Candelario, Manuel"]
[Result "1-0"]
[WhiteElo "2424"]
[BlackElo "2537"]
[PlyCount "143"]
[EventDate "2008.05.08"]
[EventType "swiss"]
[EventRounds "9"]
[EventCountry "ESP"]
[Source "lmi"]
[SourceDate "2008.05.08"]

1. d4 d5 2. c4 e6 3. Nc3 c6 4. e4 dxe4 5. Nxe4 Bb4+ 6. Bd2 Qxd4 7. Bxb4 Qxe4+
8. Ne2 Na6 9. Bf8 Ne7 10. Bxg7 Rg8 11. Bf6 Rg6 12. Qd4 Qxd4 13. Bxd4 f6 14.
O-O-O e5 15. Bc3 Bg4 16. f3 Be6 17. Ng3 Rd8 18. Rxd8+ Kxd8 19. Bd3 Rg7 20. Rd1
Kc8 21. b4 Ng6 22. Nh5 Rf7 23. g3 Nc7 24. a4 Ne8 25. Kc2 Rd7 26. Re1 Kd8 27.
Re3 Rf7 28. Nf4 Nxf4 29. gxf4 Nd6 30. fxe5 fxe5 31. c5 Nc4 32. Bxc4 Bxc4 33.
Bxe5 Kd7 34. Kc3 Bd5 35. f4 Ke6 36. Kd4 a6 37. b5 axb5 38. axb5 Bg2 39. b6 Kf5
40. Rg3 Rd7+ 41. Bd6 Bf1 42. Rg5+ Kf6 43. Ke4 Bc4 44. Be5+ Kf7 45. f5 Ke8 46.
Bd6 Kf7 47. Ke5 Rd8 48. Rh5 Re8+ 49. Kd4 Ba6 50. Be5 Rd8+ 51. Ke3 Kg8 52. Rg5+
Kf8 53. Kf4 Rd2 54. Ke3 Rd3+ 55. Ke4 Rd1 56. f6 Bd3+ 57. Kf4 Rf1+ 58. Ke3 Bg6
59. Bd4 Re1+ 60. Kd2 Re4 61. Kc3 Kf7 62. Rg2 Re8 63. Ra2 Rd8 64. Ra7 Rd7 65.
Be5 Ke6 66. Bc7 Rd3+ 67. Kc4 Re3 68. Rxb7 Re4+ 69. Kc3 Kd5 70. Bd6 Re3+ 71. Kd2
Rb3 72. f7 1-0

[Event "Campeonato de España Universitario 2008"]
[Site "Madrid ESP"]
[Date "2008.05.09"]
[Round "6.4"]
[White "Hajmohamad Ali, Ehsan"]
[Black "Rodriguez Guerrero, Enrique"]
[Result "0-1"]
[WhiteElo "2227"]
[BlackElo "2457"]
[PlyCount "102"]
[EventDate "2008.05.08"]
[EventType "swiss"]
[EventRounds "9"]
[EventCountry "ESP"]
[Source "lmi"]
[SourceDate "2008.05.08"]

1. e4 c5 2. Nf3 e6 3. d4 cxd4 4. Nxd4 Nc6 5. Nc3 Qc7 6. Be2 a6 7. O-O Nf6 8.
Kh1 Be7 9. f4 d6 10. Be3 O-O 11. Bd3 Nxd4 12. Bxd4 e5 13. Be3 exf4 14. Bxf4 Be6
15. Nd5 Bxd5 16. exd5 Nd7 17. Qh5 g6 18. Qh6 Bf6 19. c3 Bg7 20. Qh4 Ne5 21. Bc2
Rae8 22. h3 Nc4 23. Qg3 Be5 24. Bb3 Nxb2 25. Bxe5 Rxe5 26. Rae1 Rfe8 27. Rxe5
Rxe5 28. Qh4 Nd3 29. Bc2 Nc5 30. c4 Qe7 31. Qg3 Re3 32. Qf4 Re1 33. Rxe1 Qxe1+
34. Kh2 Qe5 35. Qxe5 dxe5 36. g4 f6 37. Kg3 Kf7 38. Kf3 b6 39. Ke3 Ke7 40. Kf3
Kd6 41. h4 Ke7 42. h5 Kf7 43. h6 Nb7 44. Bd3 a5 45. Bc2 Nd6 46. Bd3 f5 47. Kg3
Kf6 48. Kh4 e4 49. Be2 Ke5 50. gxf5 Nxf5+ 51. Kg5 Nd6 0-1

[Event "Campeonato de España Universitario 2008"]
[Site "Madrid ESP"]
[Date "2008.05.09"]
[Round "6.5"]
[White "Camacho Collados, Jose"]
[Black "Gonzalez Somoza, Oliver"]
[Result "1/2-1/2"]
[WhiteElo "2258"]
[BlackElo "2333"]
[PlyCount "59"]
[EventDate "2008.05.08"]
[EventType "swiss"]
[EventRounds "9"]
[EventCountry "ESP"]
[Source "lmi"]
[SourceDate "2008.05.08"]

1. Nf3 d5 2. g3 Bg4 3. Bg2 Nd7 4. c4 e6 5. O-O c6 6. cxd5 exd5 7. d3 Qb6 8. Qc2
Ngf6 9. Bf4 Be7 10. Nbd2 O-O 11. e4 dxe4 12. dxe4 Qa6 13. Rfe1 Nc5 14. Ne5 Ne6
15. Be3 c5 16. h3 Be2 17. Ndc4 Bxc4 18. Qxc4 b5 19. Qe2 Rab8 20. a4 Nd4 21.
Bxd4 cxd4 22. axb5 Qxb5 23. Qxb5 Rxb5 24. Nd3 a5 25. e5 Nd5 26. Re4 Nb4 27.
Nxb4 Bxb4 28. Bf1 Rc5 29. Rxd4 Rxe5 30. Bc4 1/2-1/2

[Event "Campeonato de España Universitario 2008"]
[Site "Madrid ESP"]
[Date "2008.05.09"]
[Round "6.6"]
[White "Andres Gonzalez, Ivan"]
[Black "Eyo Castro-rial, Alberto"]
[Result "1-0"]
[WhiteElo "2324"]
[BlackElo "2189"]
[PlyCount "89"]
[EventDate "2008.05.08"]
[EventType "swiss"]
[EventRounds "9"]
[EventCountry "ESP"]
[Source "lmi"]
[SourceDate "2008.05.08"]

1. e4 e6 2. d4 d5 3. Nc3 Nf6 4. Bg5 dxe4 5. Nxe4 Be7 6. Bxf6 Bxf6 7. Nf3 Nd7 8.
Bd3 O-O 9. Qe2 c5 10. Nxf6+ Qxf6 11. O-O cxd4 12. Qe4 g6 13. Qxd4 Qxd4 14. Nxd4
Nc5 15. Rfd1 a6 16. f4 b5 17. Nb3 Nxb3 18. axb3 Bb7 19. b4 Rfd8 20. Be2 Rac8
21. c3 Rxd1+ 22. Rxd1 Bd5 23. Kf2 Kf8 24. g3 Ke7 25. Ke3 h5 26. Bf1 h4 27. g4
f5 28. Be2 h3 29. Ra1 Rc6 30. gxf5 exf5 31. Bf1 Re6+ 32. Kf2 Bc4 33. Re1 Bxf1
34. Kxf1 Rxe1+ 35. Kxe1 Ke6 36. Ke2 Kd6 37. Kd3 Ke6 38. Kd4 Kf6 39. b3 g5 40.
fxg5+ Kxg5 41. c4 bxc4 42. bxc4 Kf6 43. Kd5 Kg5 44. c5 Kf6 45. Kd6 1-0

[Event "Campeonato de España Universitario 2008"]
[Site "Madrid ESP"]
[Date "2008.05.09"]
[Round "6.7"]
[White "Mayans Calvo, Mariano"]
[Black "Rabadan Velasco, Raul"]
[Result "1-0"]
[WhiteElo "2223"]
[BlackElo "2309"]
[PlyCount "61"]
[EventDate "2008.05.08"]
[EventType "swiss"]
[EventRounds "9"]
[EventCountry "ESP"]
[Source "lmi"]
[SourceDate "2008.05.08"]

1. c4 Nc6 2. d4 d5 3. Nc3 dxc4 4. d5 Ne5 5. f4 Ng4 6. e4 e5 7. f5 h5 8. Qa4+
Bd7 9. Qxc4 a6 10. b4 b5 11. Qb3 c5 12. dxc6 Bxc6 13. Nh3 Qd4 14. Bd2 Rd8 15.
O-O-O Ne3 16. Ng5 Qa7 17. Nxb5 axb5 18. Bxe3 Rxd1+ 19. Kxd1 Qd7+ 20. Bd3 Nf6
21. Ke2 Ng4 22. Bb6 Bd6 23. h3 Nf6 24. Rd1 O-O 25. Bc2 Qb7 26. Rxd6 Qxb6 27.
Rxf6 gxf6 28. Qg3 h4 29. Qxh4 fxg5 30. Qxg5+ Kh7 31. f6 1-0

[Event "Campeonato de España Universitario 2008"]
[Site "Madrid ESP"]
[Date "2008.05.09"]
[Round "6.8"]
[White "Montero Melendez, Rafael"]
[Black "Gonzalez Merino, Alberto"]
[Result "1-0"]
[WhiteElo "2295"]
[BlackElo "2174"]
[PlyCount "101"]
[EventDate "2008.05.08"]
[EventType "swiss"]
[EventRounds "9"]
[EventCountry "ESP"]
[Source "lmi"]
[SourceDate "2008.05.08"]

1. d4 d5 2. c4 e6 3. Nc3 Nf6 4. cxd5 exd5 5. Bg5 Be7 6. Qc2 O-O 7. e3 c6 8. Bd3
Nbd7 9. Nge2 Re8 10. O-O Nf8 11. f3 Ng6 12. Rad1 Nh5 13. Bxe7 Qxe7 14. e4 Qg5
15. e5 f6 16. Bxg6 hxg6 17. f4 Qh6 18. Qd2 g5 19. fxg5 fxg5 20. Rf2 Bd7 21.
Rdf1 Rf8 22. Qe3 Qg6 23. b4 b5 24. Rxf8+ Rxf8 25. Rxf8+ Kxf8 26. Qf3+ Ke7 27.
g3 g4 28. Qe3 Qf5 29. Nc1 g5 30. Qd3 Qf7 31. Qf1 Bf5 32. Nb3 Ng7 33. Na5 Qe8
34. Nb7 Qc8 35. Nd6 Qe6 36. Qc1 Qg6 37. Nd1 Bd7 38. Nf2 Ne6 39. Qd1 Ng7 40.
Nxg4 Qe6 41. Nf6 Nf5 42. Nxf5+ Qxf5 43. Qf1 Qc2 44. Nxd7 Kxd7 45. Qf7+ Kd8 46.
e6 Qd1+ 47. Kg2 Qe2+ 48. Kh3 g4+ 49. Kh4 Qxh2+ 50. Kg5 Qd2+ 51. Kh5 1-0

[Event "Campeonato de España Universitario 2008"]
[Site "Madrid ESP"]
[Date "2008.05.09"]
[Round "6.9"]
[White "Martin Alvarez, Iñigo"]
[Black "Fidalgo Fernandez, Javier"]
[Result "1/2-1/2"]
[WhiteElo "2214"]
[BlackElo "2280"]
[PlyCount "42"]
[EventDate "2008.05.08"]
[EventType "swiss"]
[EventRounds "9"]
[EventCountry "ESP"]
[Source "lmi"]
[SourceDate "2008.05.08"]

1. e4 c5 2. Nf3 e6 3. d4 cxd4 4. Nxd4 Nf6 5. Nc3 Nc6 6. Ndb5 Bb4 7. a3 Bxc3+ 8.
Nxc3 d5 9. Bd3 Ne5 10. Be2 Nxe4 11. Nxe4 dxe4 12. Qxd8+ Kxd8 13. Bf4 Nc6 14.
O-O-O+ Ke7 15. Bb5 Rd8 16. Rxd8 Kxd8 17. Rd1+ Bd7 18. Bxc6 bxc6 19. Re1 f5 20.
Be5 Ke7 21. h4 g6 1/2-1/2

[Event "Campeonato de España Universitario 2008"]
[Site "Madrid ESP"]
[Date "2008.05.09"]
[Round "6.11"]
[White "Burguete Archel, Eduardo"]
[Black "Vallejo Diaz, Jesus"]
[Result "1-0"]
[WhiteElo "2179"]
[BlackElo "2269"]
[PlyCount "37"]
[EventDate "2008.05.08"]
[EventType "swiss"]
[EventRounds "9"]
[EventCountry "ESP"]
[Source "lmi"]
[SourceDate "2008.05.08"]

1. e4 c5 2. Nf3 e6 3. d4 cxd4 4. Nxd4 a6 5. c4 Nf6 6. Nc3 Qc7 7. a3 b6 8. Bd3
Bb7 9. O-O Be7 10. Kh1 Nc6 11. Nxc6 Bxc6 12. f4 d6 13. Qe2 Nd7 14. b4 Bf6 15.
Bb2 O-O 16. Qh5 g6 17. Qh6 Bg7 18. Nd5 Bxh6 19. Ne7# 1-0